[Event "Villa Martelli ProAm op 23rd"]
[Site "Villa Martelli"]
[Date "2016.11.24"]
[Round "6"]
[White "Urquiza, Norberto"]
[Black "Bestetti, Hernando"]
[Result "1-0"]
[WhiteElo "1547"]
[BlackElo "1545"]
[PlyCount "36"]
[EventDate "2016.11.20"]
[EventType "swiss"]
[EventRounds "9"]
[EventCountry "ARG"]
[SourceTitle "CBM 175 Extra"]
[Source "ChessBase"]
[SourceDate "2016.12.12"]
[SourceVersion "1"]
[SourceVersionDate "2016.12.12"]
[SourceQuality "1"]

1. d4 d5 2. c4 e6 3. Nf3 Nf6 4. Nc3 dxc4 5. a4 c6 6. Bg5 Nbd7 7. e4 Be7 8. Bxc4 Qa5 9. 0-0 h6 10. Bh4 Qh5 11. Qe2 a5 12. d5 0-0 13. dxe6 fxe6 14. Bxe6+ Kh8 15. e5 Ng4 16. Bxe7 Rxf3 17. Bxg4 Qf7 18. Bxf3 Qxe7 1-0